Coupes du Monde de Football: Norvège - Statistiques

Statistiques générales
  • Ce quiz a été pris 39 fois
  • Le résultat moyen est 4 sur 6
Statistiques - réponses
Réponse % Correct
Brésil
91%
Italie
91%
Mexique
76%
Maroc
61%
Ecosse
58%
Irlande
48%
Aucun quiz correspondant
Distribution des résultats
% des personnes avec chaque résultat
Percentile par nombre de réponses
Votre historique - résultats
Vous n’avez pas pris ce quiz